| 000 | 01011nam a22002417a 4500 | ||
|---|---|---|---|
| 003 | KOHA_MİRAKIL | ||
| 005 | 20260325132827.0 | ||
| 008 | 260325b tu ||||| |||| 00| 0 tur d | ||
| 020 | _a9786059823319 | ||
| 040 |
_aTR-AnABB _btur _cTR-AnABB |
||
| 041 | _atur | ||
| 082 |
_a351.007 _bWIL 2018 |
||
| 100 | 1 | _aWilson, Woodrow | |
| 245 | 1 | 0 |
_aİdarenin incelemesi : _bşerhli çeviri / _cWoodrow Wilson ; çeviren: Nur Şat |
| 246 | _aŞerhli çeviri | ||
| 260 |
_aAnkara : _bLiberte, _c2018 |
||
| 300 |
_a111 sayfa ; _c18 cm |
||
| 500 | _aÇevirmen imzalı | ||
| 500 | _aNur Şat 2008 yılında Marmara Üniversitesi Sosyal Bilimler Enstitüsü'nde danışmanlığını Prof. Dr. Ruşen Keleş'in yaptığı "e-demokrasi ve e-belediye İlişkisi" üzerine yaptığı tez ile bilim kültesi Siyaset Bilimi ve Kamu Yönetimi Bölümü'nde Dr. ünvanıyla öğretim üyesi olarak çalışmaktadır. | ||
| 650 | 0 | 4 | _aYönetim bilimi |
| 700 | 1 |
_aŞat, Nur, _eçeviri _93144 |
|
| 942 |
_2ddc _cBK |
||
| 999 |
_c10046 _d10046 |
||
| 900 | _bCan ÇELIK | ||